| Поле | Инд. | ПП | Название | Значение |
|---|---|---|---|---|
| Тип записи | a | |||
| Библиографический уровень | b | |||
| 001 | Контрольный номер | RU/IS/BASE/141320122 | ||
| 005 | Дата корректировки | 20200529173520.6 | ||
| 084 | a | Индекс другой классификации/Индекс ББК | 60.02в; 60.033.3в | |
| 100 | 1_ | a | Автор | Бондаренко В. М. |
| q | Полное имя | Бондаренко Валентина Михайловна | ||
| 245 | a | Заглавие | Теоретические новации в обеспечении устойчивого диалога между цивилизациями | |
| 504 | a | Библиография | Библиогр. ссылки. - Примеч. | |
| 650 | a | Основная рубрика | социальная философия | |
| a | Основная рубрика | философия | ||
| a | Основная рубрика | философия истории | ||
| 653 | a | Ключевые слова | временное пространство | |
| a | Ключевые слова | время | ||
| a | Ключевые слова | закономерности развития общества | ||
| a | Ключевые слова | историческая реальность | ||
| a | Ключевые слова | история | ||
| a | Ключевые слова | методология | ||
| a | Ключевые слова | мировое сообщество | ||
| a | Ключевые слова | научная методология | ||
| a | Ключевые слова | научное познание | ||
| a | Ключевые слова | общественное развитие | ||
| a | Ключевые слова | общественные системы | ||
| a | Ключевые слова | общество | ||
| a | Ключевые слова | познание | ||
| a | Ключевые слова | развитие мировой системы | ||
| a | Ключевые слова | реальность | ||
| a | Ключевые слова | системный подход | ||
| a | Ключевые слова | социальная реальность | ||
| a | Ключевые слова | социально-экономические системы | ||
| a | Ключевые слова | цивилизации | ||
| a | Ключевые слова | цивилизационное взаимодействие | ||
| a | Ключевые слова | человек | ||
| a | Ключевые слова | человечество | ||
| 773 | t | Заглавие источника | Устойчивое развитие. Наука и практика | |
| d | Дата издания источника | 2002 | ||
| g | Прочая информация | № 1. - С. 49 - 56 | ||
| w | Контрольный № источника | RU/IS/BASE/109089911 | ||
| 901 | t | Тип документа | b |